| 000 | 00550nam a2200181Ia 4500 | ||
|---|---|---|---|
| 001 | 4522 | ||
| 005 | 20260306145802.0 | ||
| 008 | 260306t2006||||xx |||||||||||||| ||spa|| | ||
| 041 | _aESP | ||
| 082 |
_a324.2 _bI59A |
||
| 100 |
_aInstituto Interamericano de Derechos Humanos _eAUT |
||
| 245 | 0 | _aForo internacional. La organización electoral en América Latina. Situación, perspectivas y comparación con otras experiencias. | |
| 260 | _c2006 | ||
| 300 |
_a156 páginas : _c21 cm. |
||
| 650 | _aGEN | ||
| 654 | _aCDE | ||
| 942 |
_cLIB _dJUS _fJUS _2ddc _n |
||
| 999 |
_c4522 _d4522 |
||